Petiolar nectary morphology: A tool for clone identification in Hevea (Record no. 49082)

MARC details
000 -LEADER
fixed length control field 00450nam a2200169Ia 4500
100 ## - MAIN ENTRY--AUTHOR NAME
Personal name Antony P D
245 #0 - TITLE STATEMENT
Title Petiolar nectary morphology: A tool for clone identification in Hevea
260 ## - PUBLICATION, DISTRIBUTION, ETC. (IMPRINT)
Name of publisher Rubber Science
Year of publication 2015
300 ## - PHYSICAL DESCRIPTION
Number of Pages 281-285
650 ## - SUBJECT ADDED ENTRY--TOPICAL TERM
Topical Term Clone identification
650 ## - SUBJECT ADDED ENTRY--TOPICAL TERM
Topical Term Extrafloral
650 ## - SUBJECT ADDED ENTRY--TOPICAL TERM
Topical Term Hevea
650 ## - SUBJECT ADDED ENTRY--TOPICAL TERM
Topical Term Petiolar nectaries
700 ## - ADDED ENTRY--PERSONAL NAME
Personal name Madhavan J
942 ## - ADDED ENTRY ELEMENTS (KOHA)
Koha item type Bibliography STAF
Holdings
Withdrawn status Lost status Damaged status Not for loan Home library Current library Shelving location Date acquired Serial Enumeration / chronology Koha item type
      Bibliography RRII Library RRII Library Botany 09/04/2014 Volume 28, Issue 3 Bibliography STAF